000 00518nmm a2200169Ia 4500
008 251105s9999||||xx |||||||||||||||||und||
020 _a9788427710429
041 _aspa
100 _aSanuy Simón, Conchita
245 0 _aCascabelea : actividades de expresión oral, corporal, musical y plástica
264 _a[Madrid, España] :
_bNarcea Ediciones,
_c1993
300 _a111 páginas
490 _aPrimeros años
650 _aEducation
856 _uhttps://public.digitaliapublishing.com/a/28931
942 _cCF
999 _c80584
_d80584